000 02060nam1a2200301 4500
001 RU\NLR\bibl\2060862
005 20260408204934.0
035 _a(NLR Aleph) 002047601
090 _a4626106
_c4626106
100 _a20260201 rusy50
101 0 _arus
102 _aRU
105 _a||||z |||||
200 1 _aИсследование гидро- и газодинамических процессов в оборудовании подвижного состава средствами модуля FlowSimulation (SolidWorks)
_eметодические указания
_fФедер. агентство ж.-д. трансп., Федер. гос. бюджет. образоват. учреждение высш. проф. образования "Петерб. гос. ун-т путей сообщ.", Каф. "Автоматизир. проектирование"
_g[сост.: Я.С. Ватулин и др.]
210 _aСанкт-Петербург
_cПГУПС
_d2013
215 _d20
463 0 _10012055965
606 1 _aSolidWorks Simulation, система автоматизированного проектирования
_jУчебно-методические пособия для высших учебных заведений
_92581739
_3RU\NLR\auth\661526167
606 _aПодвижной состав (ж.-д.)
_jУчебно-методические пособия для высших учебных заведений
_xОборудование
_92129844
_3RU\NLR\auth\661589081
686 _aО22-04я73-1
702 1 _aВатулин
_bЯ. С.
_gЯн Семенович
_4220
712 0 2 _4570
_aПетербургский государственный университет путей сообщения
_bКафедра "Автоматизированное проектирование"
_9373788
_3RU\NLR\AUTH\8810243977
801 0 _aRU
_bNLR
_c20130807
_gRCR
801 1 _aRU
_bNLR
_c20130807
852 _aNLR
_j2013-4/7021
942 _cBOOK
980 _aNB